[Event "2018 Spring Chess Classic A"]
[Site "Saint Louis"]
[Date "2018.03.08"]
[Round "3"]
[White "Onischuk, Alexander"]
[Black "Bruzon Batista, Lazaro"]
[Result "1/2-1/2"]
[WhiteElo "2681"]
[BlackElo "2673"]
[Annotator "TA"]
[PlyCount "127"]
[EventDate "2018.??.??"]
[EventType "tourn"]
[EventCountry "USA"]
[SourceTitle "playchess.com"]
[Source "ChessBase"]
[SourceQuality "1"]

{[%evp 19,127,3,14,18,18,4,14,18,18,12,27,27,33,24,44,49,52,39,35,35,35,0,0,0,0,0,0,-8,31,33,57,0,0,0,0,0,29,33,36,-22,-14,-38,-48,-42,-31,-88,-75,-83,-59,-46,-11,-19,0,-16,-18,-18,-21,-17,-13,-14,0,-13,-15,-17,-16,-20,-19,-18,-11,-16,-1,-8,-8,-16,-16,-16,-16,-16,-16,-16,0,-8,-8,-8,-8,-8,-8,-8,-8,-8,-8,-8,-8,-8,0,0,0,0,0,-8,-8,-8,0,-8,-8,-8,-8,-8,-8,-8]} 1. d4 Nf6 2. c4 e6 3. Nf3 d5 4. g3 dxc4 5. Bg2 a6 6. Ne5 c5 7. Be3 Nd5 8. Nc3 {E04: Open Catalan: 5 Nf3} Nxe3 9. fxe3 Nd7 10. Nxc4 Be7 {LiveBook: 4 Games} 11. dxc5 (11. O-O O-O 12. a4 Nb6 13. Nxb6 Qxb6 14. a5 Qc7 15. Na4 cxd4 {0-1 (47) Nguyen,N (2649)-Wang,H (2717) Ho Chi Minh City 2016}) 11... Bxc5 12. Nd6+ Bxd6 13. Qxd6 Qe7 {[#]} 14. Qd4 $146 ({Predecessor:} 14. O-O-O Qxd6 15. Rxd6 Ke7 16. Rhd1 Rb8 17. R6d4 Ne5 18. Na4 b6 19. R1d2 Bd7 20. b3 {½-½ (20) Pelletier,Y (2593)-Kveinys,A (2506) Reykjavik 2011}) 14... Nf6 15. O-O O-O 16. Rad1 Rb8 17. Qe5 Ra8 18. Rf4 Ra7 19. Rdf1 {[%cal Rf4f6]} Nd7 $1 {[%cal Rd7e5]} 20. Nd5 Qd8 (20... Nxe5 $2 {perishes.} 21. Nxe7+ Kh8 22. Re4 $18) 21. Qd4 b6 {[#] And now ...e5 would win.} 22. Rg4 {[%csl Gg4][%cal Rd4g7]} f6 23. Nb4 $132 {[%mdl 2048] White is not keeping still} Bb7 24. Bxb7 Rxb7 25. Nxa6 ({Better is} 25. Qc4 $1 $14) 25... Qa8 $11 26. Nb4 Ne5 27. Rgf4 Nf7 28. Qe4 Qc8 29. h4 (29. Rh4 $14 Ng5 30. Qc6) 29... Rc7 {[#] Hoping for ...e5.} 30. Nd3 e5 31. R4f2 Rc4 32. Qf5 (32. Qg2 $15) 32... Qxf5 $17 33. Rxf5 Nh6 34. R5f3 $1 Rc2 {...e4 is the strong threat.} 35. Nxe5 {The position is equal.} Rxb2 36. Nc4 Rxa2 37. Nxb6 Rxe2 38. R1f2 Re1+ 39. Rf1 Re2 40. R1f2 Rxf2 41. Kxf2 $11 {[%mdl 4096] Endgame KRN-KRN} Rb8 42. Nc4 Ng4+ 43. Ke2 h5 44. Rf5 g6 45. Rc5 Rb1 46. e4 Rb3 47. Rc8+ Kf7 48. Rc7+ Ke6 49. Rc6+ Kf7 50. Rc7+ Kf8 51. Rc8+ Ke7 52. Rc7+ Kd8 53. Rg7 Rxg3 54. Rxg6 Rg2+ 55. Ke1 Rh2 {next ...Ke7 is good for Black.} 56. e5 fxe5 57. Rg5 Rxh4 {aiming for ...e4.} 58. Nxe5 Nf6 59. Rf5 Re4+ 60. Kf2 Rxe5 61. Rxe5 Ng4+ 62. Kg3 $1 Nxe5 63. Kh4 Ke7 64. Kxh5 {Precision: White = 64%, Black = 61%.} 1/2-1/2

[Event "2018 Spring Chess Classic A"]
[Site "Saint Louis"]
[Date "2018.03.08"]
[Round "3"]
[White "Shankland, Samuel"]
[Black "Swiercz, Dariusz"]
[Result "1/2-1/2"]
[WhiteElo "2668"]
[BlackElo "2654"]
[Annotator "TA"]
[PlyCount "61"]
[EventDate "2018.??.??"]
[EventType "tourn"]
[EventCountry "USA"]
[SourceTitle "playchess.com"]
[Source "ChessBase"]
[SourceQuality "1"]

{[%evp 25,61,3,0,0,0,3,6,-7,0,0,20,18,21,19,27,12,23,10,11,16,10,10,14,4,11,0,0,0,0,0,0,0,35,0,7,0,62,0]} 1. e4 e5 2. Nf3 Nc6 3. d4 exd4 4. Nxd4 Nf6 5. Nxc6 bxc6 6. e5 Qe7 7. Qe2 Nd5 8. c4 Nb6 9. Nc3 {[%cal Bb1c3,Bc3e4,Be4f6,Bf6g4][%mdl 32]} Ba6 {C45: Scotch Game} 10. Qe4 (10. b3 O-O-O 11. Bb2 Re8 12. f4 f6 13. O-O-O fxe5 14. Qxe5 Qxe5 15. fxe5 Rxe5 16. Bd3 Re3 17. Rhf1 {0-1 (24) Nepomniachtchi,I (2751)-Karjakin,S (2783) chess.com INT 2017}) 10... f6 11. exf6 Qxe4+ 12. Nxe4 gxf6 13. Nxf6+ Kf7 {LiveBook: 3 Games} 14. Ng4 Re8+ 15. Ne3 Bxc4 $146 ({Find the theoretical novelty and annotate with similar games:} 15... Nxc4 16. Kd1 Nxe3+ 17. Bxe3 Bxf1 18. Rxf1 {½-½ (44) Seyb,A (2411)-Pajeken,W (2204) Sitges 2017}) 16. Bxc4+ Nxc4 17. O-O Re4 (17... Nb6 {NOTEXT} 18. Bd2 Bg7 19. Rab1 Re4 20. b4 Bd4) 18. Nxc4 Rxc4 19. Be3 Bg7 20. Rad1 d6 21. Rc1 Rxc1 22. Rxc1 Bxb2 23. Rxc6 $11 {[%mdl 4096] Endgame KRB-KRB} Rc8 24. Kf1 Ke6 25. Ke2 Kd5 26. Ra6 c5 27. Rxa7 Kc4 28. Ra4+ Kb5 29. Ra7 {[#] And now Rb7+ would win.} Kc4 30. Ra4+ ({Better is} 30. Rxh7 $11 d5 31. Ra7) 30... Kb5 $14 31. Ra7 {Precision: White = 50%, Black = 87%.} (31. Rh4 $1 $14) 1/2-1/2

[Event "2018 Spring Chess Classic A"]
[Site "Saint Louis"]
[Date "2018.03.08"]
[Round "3"]
[White "Xiong, Jeffery"]
[Black "Ipatov, Alexander"]
[Result "1/2-1/2"]
[WhiteElo "2640"]
[BlackElo "2665"]
[Annotator "TA"]
[PlyCount "64"]
[EventDate "2018.??.??"]
[EventType "tourn"]
[EventCountry "USA"]
[SourceTitle "playchess.com"]
[Source "ChessBase"]
[SourceQuality "1"]

{[%evp 13,64,19,33,28,14,12,21,14,14,13,14,0,7,7,8,0,-4,0,0,0,0,0,0,0,52,0,72,0,87,85,95,64,45,58,82,16,15,14,12,10,12,24,16,0,0,0,0,0,0,0,0,0,0]} 1. e4 g6 2. d4 Bg7 3. Nf3 d6 4. Be2 Nf6 5. Nc3 O-O 6. O-O a6 7. a4 Nc6 {LiveBook: 130 Games} 8. Bg5 {B08: Pirc Defence: Classical System} (8. h3 e5 9. dxe5 dxe5 10. Bc4 h6 11. Be3 Qe7 12. Qe2 Be6 13. Rfd1 Rad8 14. Bb3 Rfe8 15. Rxd8 Rxd8 16. Bxe6 Qxe6 {0-1 (68) Wang,H (2709)-Yu,Y (2751) Huaian 2017}) 8... h6 9. Be3 e5 $146 ({Find the theoretical novelty and annotate with similar games:} 9... d5 10. exd5 Nxd5 11. Nxd5 Qxd5 12. c4 Qd6 13. d5 Ne5 14. c5 Qf6 15. Qb3 Bg4 16. Nd4 Bxe2 17. Nxe2 Qh4 18. Bf4 b6 {0-1 (18) Alekseev,A (1965)-Kroes,F (2096) LSS email 2010}) 10. dxe5 dxe5 11. Qc1 Nd4 12. Rd1 {[%cal Rf3d4]} Ng4 13. Bd2 f5 14. Nxd4 exd4 15. Bxg4 fxg4 16. Bxh6 Qh4 17. Bxg7 Kxg7 18. Nd5 $36 {[%mdl 2048] [#] Black must now prevent Qd2. White is more active.} Qxf2+ 19. Kh1 Qh4 (19... c6 $11 20. Rd2 Qh4) 20. Rxd4 (20. g3 $16 Qh5 21. Rxd4 (21. Nxc7 $2 Rf2 $19)) 20... c5 (20... g3 $1 $11 {remains equal.} 21. Qg1 Rf2 22. Nxc7 Bh3 23. Nxa8 Bxg2+ 24. Qxg2 Rxg2 25. Rd7+ Kh6 26. Kxg2 Qxe4+ 27. Kxg3 Qe5+ 28. Kg2 Qe2+ 29. Kg3 Qe5+ 30. Kg2 Qe2+ 31. Kg3 Qe5+) 21. g3 Qh5 22. Rc4 {Hoping for Qe3.} b6 23. Qd2 Be6 {[#]} 24. a5 (24. Kg1 $1 $16) 24... Rad8 $11 {[%cal Rd8d5] aiming for ...Rxd5.} 25. Kg1 Bxd5 26. exd5 Rxd5 27. Qc3+ Kg8 $1 28. axb6 {And now b7 would win.The position is equal.} Rf2 $1 {[%csl Gf2][%cal Rh5h2]} 29. h4 Rdd2 $1 {( -> ...Qd5)} 30. Rxc5 Rg2+ 31. Kh1 {White wants to mate with Rc8+.} Rh2+ 32. Kg1 {Threatening mate with Rc8+.} Rhg2+ $1 {Precision: White = 52%, Black = 72%.} 1/2-1/2

[Event "2018 Spring Chess Classic A"]
[Site "Saint Louis"]
[Date "2018.03.08"]
[Round "3"]
[White "Zherebukh, Yaroslav"]
[Black "Ganguly, Surya Shekhar"]
[Result "1/2-1/2"]
[WhiteElo "2633"]
[BlackElo "2657"]
[Annotator "TA"]
[PlyCount "140"]
[EventDate "2018.??.??"]
[EventType "tourn"]
[EventCountry "USA"]
[SourceTitle "playchess.com"]
[Source "ChessBase"]
[SourceQuality "1"]

{[%evp 21,140,0,0,0,0,0,0,0,0,0,0,0,0,0,14,15,11,-102,0,0,0,0,0,0,0,0,0,-9,0,0,0,-67,-66,-59,-67,-68,-55,-58,-58,-75,-52,-128,-78,-116,-76,-79,-79,-85,-85,-85,-62,-85,-47,-58,-28,-17,-12,-22,-19,-33,0,-21,-13,-33,-30,-12,-8,-68,0,0,0,0,0,0,0,0,8,-6,-7,-6,-6,-6,-8,-5,0,-69,-69,-58,-8,-8,-8,-8,-18,-36,81,81,81,81,81,0,0,0,32,0,0,0,0,0,0,0,0,0,0,0,0,0,0,0,0,0,0]} 1. e4 c5 2. Nf3 e6 3. d4 cxd4 4. Nxd4 Nc6 5. Nc3 Qc7 6. Be3 a6 7. Qf3 {B48: Sicilian: Taimanov: 5 Nc3 Qc7 6 Be3 a6 without Be2} (7. Qd2 Nf6 8. f4 Bb4 9. Bd3 Na5 10. a3 Bxc3 11. Qxc3 Qxc3+ 12. bxc3 d5 13. exd5 exd5 14. Nb3 Nc4 15. Bd4 Ne4 {1-0 (57) Carlsen,M (2834)-Matlakov,M (2718) Wijk aan Zee 2018}) 7... Nf6 8. O-O-O h5 9. Nxc6 dxc6 10. h3 b5 11. e5 Nd5 $1 {LiveBook: 3 Games} 12. Nxd5 $146 ({Predecessor:} 12. Bf4 Qa5 13. Bd3 Be7 14. Nxd5 exd5 {½-½ (37) Santos Latasa,J (2536)-Shankland,S (2662) Sitges 2017}) 12... exd5 13. Bd3 Be6 14. Rhe1 Qxe5 15. Bf4 Qf6 16. Qe3 Bc5 17. Qd2 O-O-O 18. Bg5 Qxf2 19. Qa5 (19. Re2 $11 Qg3 20. Bxd8 Rxd8 21. Rf1) 19... Bb6 (19... Rde8 $17 20. Rf1 (20. Qxa6+ Kc7 $17) 20... Qg3 21. Qxa6+ Kd7) 20. Qxa6+ $11 Kc7 21. Bxd8+ Rxd8 22. Re2 Qc5 23. Rf1 $1 Rf8 24. Rfe1 Rb8 25. Rf1 Kd6 26. Kb1 (26. Bf5 $11) 26... Bc8 $15 27. Qa3 Qxa3 28. bxa3 Be6 29. Bf5 Bd4 $1 {[%mdl 1024] Black has compensation.} 30. Rf3 h4 31. Bg4 (31. c3 $15 Bf6 32. Kc2) 31... Ra8 32. Kc1 Ra4 33. Bxe6 fxe6 $17 {[%mdl 4096] Endgame KRR-KRB} 34. g3 hxg3 35. Rxg3 Bf6 36. Ree3 e5 37. Kd1 e4 38. h4 $1 Ke5 39. h5 Kf4 40. Rb3 d4 41. Rg1 e3 42. Ke2 Rc4 43. Kd3 Rc5 44. Rh1 (44. Rf1+ $11 Kg5 45. Rh1) 44... Rg5 (44... Re5 $1 $15 45. Rbb1 e2) 45. Rf1+ $11 Ke5 {[#] And now ...Rg2 would win.} 46. c3 Kd5 47. cxd4 Bxd4 48. Rf4 Bc5 49. a4 Rg2 {...Rd2+ is the strong threat.} 50. Rf5+ ({Don't play} 50. axb5 Rd2+ 51. Kc3 Bd4+ 52. Rxd4+ Rxd4 $17) 50... Kd6 51. Rb1 $1 ({Not} 51. axb5 $2 Rd2+ 52. Kc3 Bd4+ 53. Kc4 e2 $19) 51... Rd2+ 52. Ke4 $132 {[%mdl 2048] White has counterplay} bxa4 53. Rc1 ({White should try} 53. h6 $11 gxh6 54. Rf6+ Kc7 55. Rf7+ Kc8 56. Rf6) 53... e2 $15 {White must now prevent ...Rd1.} 54. Re1 $1 {next Kf3 is good for White.} Rxa2 (54... a3 $5 {[%cal Rd2a2]} 55. Rf4 Rxa2 $17) 55. Kd3 a3 {aiming for ...Bb4.} 56. Rf4 Rb2 {Threatens to win with ...Bb4.} 57. Ra4 Rb4 (57... a2 $15 {keeps the upper hand.}) 58. Rxb4 $16 Bxb4 59. Rxe2 {KR-KB} Kd5 {[#]} 60. Rg2 (60. Kc2 $1 $16) 60... Be7 $11 61. Kc2 c5 62. Kb1 (62. Rxg7 a2 $19) 62... Bf6 {The position is equal.} 63. Ka2 Bb2 $1 64. Rg6 c4 65. h6 $1 {[%cal Rh6h7]} gxh6 66. Rxh6 Kc5 (66... c3 $5 {[%cal Rc3c2]} 67. Kb3 c2 68. Kxc2 Bg7 $11) 67. Rh2 Kd4 68. Rh4+ Kc3 69. Rh3+ Kb4 70. Rh4 Kc3 {Precision: White = 66%, Black = 68%.} 1/2-1/2

[Event "2018 Spring Chess Classic A"]
[Site "Saint Louis"]
[Date "2018.03.08"]
[Round "3"]
[White "Edouard, Romain"]
[Black "Akobian, Varuzhan"]
[Result "0-1"]
[WhiteElo "2612"]
[BlackElo "2640"]
[Annotator "TA"]
[PlyCount "132"]
[EventDate "2018.??.??"]
[EventType "tourn"]
[EventCountry "USA"]
[SourceTitle "playchess.com"]
[Source "ChessBase"]
[SourceQuality "1"]

{[%evp 17,132,3,5,0,4,0,10,0,0,-13,-7,-15,-9,-8,-9,-14,30,30,27,0,0,0,0,0,0,0,0,0,0,0,12,12,12,11,10,0,0,0,0,-2,0,0,0,-31,-6,-8,0,0,0,0,0,0,0,0,0,-29,-6,-70,-71,-84,-84,-84,-84,-84,-84,-84,-84,-84,-84,-84,-84,-84,-84,-84,-84,-84,-84,-84,-84,-84,-84,-84,-84,-84,-84,-84,-53,-29969,-29970,-29971,-29972,-29972,-29973,-29970,-29973,-29973,-29975,-29974,-29976,-29975,-29977,-29977,0,0,0,-5081,-8,-29979,-29980,-29982,-29982,-29984,-29985,-29986,-29987,-29987,-29988]} 1. Nf3 Nf6 2. c4 e6 3. g3 d5 4. Bg2 dxc4 5. Qa4+ Bd7 6. Qxc4 {A13: English Opening: 1...e6} c5 7. Ne5 Qc8 8. Qd3 Nc6 9. Nxd7 Nxd7 {LiveBook: 16 Games} 10. Nc3 Be7 11. Qb5 (11. b3 {with more complications.} Nde5 12. Qe3 Qd7 13. O-O O-O 14. d3) 11... O-O $146 ({Predecessor:} 11... a6 12. Qa4 Nd4 13. O-O O-O {1-0 (33) Aronian,L (2797)-Sethuraman,S (2646) Caleta 2018}) 12. Bxc6 bxc6 13. Qd3 Nb6 14. b3 {[#]} c4 $1 {[%mdl 512]} 15. bxc4 Qa6 16. O-O Bf6 17. Rb1 Rfd8 ({Don't blunder} 17... Nxc4 $2 18. Rb4 $18) 18. Qf3 Nxc4 19. Ne4 Be7 20. Qc3 Nd6 ({Don't go for} 20... Qxa2 $2 21. Ra1 $18) 21. Bb2 {[%csl Gb2][%cal Rc3g7]} Bf8 22. Nxd6 Rxd6 23. Ba3 Rd5 24. Bxf8 $1 Rxf8 25. d3 Qxa2 26. Rb2 Qa6 27. Rc1 Rb5 28. Rbc2 Rb6 29. Qe5 Qb7 30. Rc4 Rc8 31. h4 Rb1 32. Rxb1 Qxb1+ $11 {[%mdl 4096] Endgame KQR-KQR} 33. Kg2 Qb7 34. Rc5 (34. h5 {keeps more tension.} c5+ 35. f3 Qd5 36. Qb2 Qxh5 37. Qb7) 34... Rd8 35. Qc3 h6 36. e4 Rd6 37. Rc4 ({White should try} 37. Kf3 $11) 37... Qb1 $15 38. Rxc6 Rxc6 ({Much weaker is} 38... Qxd3 $6 39. Rc8+ Kh7 40. Qxd3 $11) 39. Qxc6 Qxd3 $17 {KQ-KQ} 40. Qa8+ Kh7 41. Qxa7 Qxe4+ 42. Kg1 Qf3 43. Qd4 Kg6 44. Qe5 h5 45. Qg5+ Kh7 46. Qe5 Qd1+ 47. Kh2 Qd5 48. Qe2 Kg6 49. Qc2+ Qf5 50. Qe2 e5 51. Kg2 e4 52. Qe3 $2 {[%mdl 8192] [#]} (52. Qd2 $15) 52... Qf3+ $1 {[%mdl 512]} 53. Qxf3 exf3+ 54. Kxf3 {K3P-K3P} Kf5 55. Kg2 Ke4 $1 56. f3+ Ke3 57. g4 g6 $1 58. g5 Ke2 $1 59. Kg3 {[#]} Ke3 $2 (59... Kf1 $1 {mates} 60. f4 Kg1 61. Kf3 Kh2 62. Ke4 Kg3 63. f5 Kxh4 64. fxg6 fxg6 65. Kf4 Kh3 66. Kf3 h4 67. Kf4 Kg2 68. Ke5 h3 69. Kf6 h2 70. Kxg6 h1=Q 71. Kg7 Qh5 72. Kf6 Kf3 73. Kf5 Qg4+ 74. Ke5 Qxg5+ 75. Kd6 Ke4 76. Kc6 Qd5+ 77. Kb6 Kd4 78. Kc7 Kc5 79. Kb8 Kc6 80. Ka8 Kb6+ 81. Kb8 Qg8#) 60. Kg2 $1 $11 Ke2 $2 {[%mdl 8192]} (60... Kd4 $11) 61. Kg3 $19 {[#] intending Kg2.} Kf1 $1 {[%cal Rf1e1] Strongly threatening ...Ke1.} 62. Kf4 $2 {[%mdl 8192]} (62. Kh2 $11 Kf2 63. f4) 62... Kf2 {Black mates.} 63. Ke5 Kg3 64. Kf6 Kxh4 65. f4 Kg4 66. Kxf7 Kf5 {Precision: White = 55%, Black = 83%.} 0-1

[Event "2018 Spring Chess Classic A"]
[Site "Saint Louis"]
[Date "2018.03.09"]
[Round "4"]
[White "Bruzon Batista, Lazaro"]
[Black "Zherebukh, Yaroslav"]
[Result "0-1"]
[WhiteElo "2673"]
[BlackElo "2633"]
[Annotator "TA"]
[PlyCount "76"]
[EventDate "2018.??.??"]
[EventType "tourn"]
[EventCountry "USA"]
[SourceTitle "playchess.com"]
[Source "ChessBase"]
[SourceQuality "1"]

{[%evp 15,76,-2,8,10,8,-14,-16,-15,-26,-47,-29,-65,-74,-59,-58,-79,-29,-35,-29,-23,0,0,0,0,0,0,0,0,0,-4,0,0,0,0,0,0,20,0,0,0,21,0,47,0,0,0,60,0,0,0,24,17,20,28,25,0,0,0,0,-875,-841,-1272,-1271]} 1. d4 Nf6 {[%cal Bg8f6,Bf6d5,Bd5b6][%mdl 32]} 2. c4 g6 3. g3 c6 4. Bg2 d5 5. Qa4 (5. Nf3 Bg7 6. Qb3 O-O 7. O-O Qb6 8. Nc3 Rd8 9. h3 Bf5 10. Bf4 Na6 11. Qxb6 axb6 12. cxd5 Nxd5 13. Nxd5 Rxd5 14. Be5 Bxe5 15. dxe5 Be4 16. Rfd1 Bxf3 17. Bxf3 Rxe5 {0-1 (68) Li,C (2732)-Vachier Lagrave,M (2789) Riadh 2017}) 5... Bg7 6. cxd5 {D71: Fianchetto Grünfeld: 3 g3 d5 sidelines and 5 cxd5 (without Nf3)} Nxd5 7. Nf3 Nb6 8. Qc2 Bg4 {LiveBook: 3 Games} 9. e3 O-O $146 ({Predecessor:} 9... N8d7 10. O-O O-O 11. Nbd2 c5 12. h3 Bxf3 13. Nxf3 {½-½ (37) Bluebaum,M (2642)-Mista,A (2588) Germany 2017}) 10. Nbd2 Na6 11. O-O c5 12. Qe4 Be6 13. Qxb7 Nb4 $1 14. Ng5 Bc8 $1 {[%cal Rc8b7]} 15. Qe4 cxd4 (15... Bf5 $5 {[%cal Rf5e4]} 16. Qh4 h6 17. dxc5 Nc2 $15) 16. a3 $1 {[%cal Ra3b4]} N4d5 {Threatens to win with ...h6.} 17. exd4 e5 18. Ndf3 h6 19. Nxf7 Rxf7 20. Nxe5 Rf6 21. Bd2 {[%cal Bc1d2,Bd2b4,Bb4c5][%mdl 32]} Bf5 22. Qe2 Qe8 23. Rfe1 Qa4 24. Bb4 Re8 25. Bc5 Rfe6 26. Qd2 g5 27. Rac1 {And now Bxb6 would win.} Rd8 28. h3 Bf6 29. Kh2 {[%mdl 1024] White has compensation.} Bg7 30. Bf3 Qb3 ({Black should play} 30... Qe8 $11) 31. Bg2 (31. Bh5 $14) 31... Rde8 32. Qa5 Qxb2 33. Qxa7 Bg6 $1 34. Qb7 Qxf2 {...Ne3 is the strong threat.} 35. Rf1 Qb2 {Strongly threatening ...Ne3.} 36. Nxg6 Re2 $1 {[%cal Re2g2]} 37. Qf7+ $2 {[%mdl 8192]} (37. Rg1 $11 Rxg2+ 38. Rxg2 Qxc1 39. Bxb6) 37... Kh7 $19 38. Rg1 {[#]} Ne3 $1 {Precision: White = 62%, Black = 66%.} 0-1

[Event "2018 Spring Chess Classic A"]
[Site "Saint Louis"]
[Date "2018.03.09"]
[Round "4"]
[White "Shankland, Samuel"]
[Black "Edouard, Romain"]
[Result "1/2-1/2"]
[WhiteElo "2668"]
[BlackElo "2612"]
[Annotator "TA"]
[PlyCount "71"]
[EventDate "2018.??.??"]
[EventType "tourn"]
[EventCountry "USA"]
[SourceTitle "playchess.com"]
[Source "ChessBase"]
[SourceQuality "1"]

{[%evp 24,71,32,24,34,10,4,10,14,4,17,19,20,8,43,0,0,0,0,0,0,0,23,0,0,0,0,-9,0,0,0,0,0,0,0,0,4,0,0,0,0,0,0,0,0,0,20,0,0,0]} 1. d4 d5 2. c4 dxc4 3. Nf3 Nf6 4. e3 e6 5. Bxc4 c5 6. O-O a6 7. Nc3 b5 8. Be2 Nbd7 {D27: Queen's Gambit Accepted: Classical main line: 7 e4!? and 7 a4} (8... Bb7 9. dxc5 Nc6 10. Qc2 Nb4 11. Qb3 Bxc5 12. Rd1 Qb8 13. a4 bxa4 14. Qxa4+ Bc6 15. Qa5 Be7 16. Ra3 Nc2 {1-0 (46) Wei,Y (2743)-Navara,D (2740) Yancheng 2018}) 9. d5 exd5 10. Nxd5 Bb7 11. Nxf6+ Qxf6 12. a4 b4 13. e4 {LiveBook: 8 Games} h6 ({Wrong is} 13... Bxe4 $2 14. Re1 $18) 14. Ra2 {[#]} Rd8 $146 ({Predecessor:} 14... Bd6 15. b3 Ne5 16. Nd2 {1-0 (53) Bukavshin,I (2616)-Predke,A (2511) St Petersburg 2014}) 15. b3 Ne5 ({But not} 15... Bxe4 $6 16. Rd2 $16) 16. Rd2 Nxf3+ 17. Bxf3 {Hoping for e5!} Rxd2 $1 18. Bxd2 Be7 19. Be3 (19. e5 $5 Bxf3 20. exf6 Bxd1 21. fxg7 $16) 19... Qe6 20. Bg4 Qc6 21. Be2 O-O {[%cal Bh8f8,Bf8d8,Bd8d3][%mdl 32]} 22. f3 Bc8 23. Bc4 Be6 {The position is equal.} 24. Qe2 Rd8 25. Rc1 Qd6 26. g3 Bxc4 27. Qxc4 {[%cal Re3c5]} Qd3 28. Kf2 Qxc4 29. Rxc4 Rd3 30. Bxc5 Bxc5+ 31. Rxc5 Rxb3 $11 {KR-KR} 32. Ra5 Rb2+ 33. Ke3 Rxh2 34. Rxa6 b3 35. Rb6 Ra2 36. Rxb3 {Precision: White = 67%, Black = 69%.} 1/2-1/2

[Event "2018 Spring Chess Classic A"]
[Site "Saint Louis"]
[Date "2018.03.09"]
[Round "4"]
[White "Ganguly, Surya Shekhar"]
[Black "Xiong, Jeffery"]
[Result "0-1"]
[WhiteElo "2657"]
[BlackElo "2640"]
[Annotator "TA"]
[PlyCount "84"]
[EventDate "2018.??.??"]
[EventType "tourn"]
[EventCountry "USA"]
[SourceTitle "playchess.com"]
[Source "ChessBase"]
[SourceQuality "1"]

{[%evp 17,84,30,30,18,27,16,15,10,14,12,33,25,27,8,10,9,22,14,46,41,31,30,12,18,41,41,45,38,34,41,43,35,52,21,17,19,30,11,16,10,16,0,0,0,0,0,0,0,0,-26,-26,-47,-8,-129,-141,-682,-690,-1106,-1106,-1018,-1015,-5389,-934,-29984,-29985,-29985,-29986,-29984,-29985]} 1. c4 c5 2. Nf3 Nf6 3. Nc3 d5 4. cxd5 Nxd5 5. e3 Nc6 6. Bb5 Nxc3 7. bxc3 Bd7 8. O-O e6 9. d4 Be7 {LiveBook: 12 Games. D41: Queen's Gambit Declined: Semi-Tarrasch with 5 cxd5} 10. Rb1 O-O 11. Re1 $146 ({Find the theoretical novelty and annotate with similar games:} 11. e4 cxd4 12. cxd4 a6 13. Be2 {1-0 (38) Vaulin,A (2547)-Dvoirys,S (2562) Novgorod 1999}) 11... Qc7 {The position is equal.} 12. e4 Rfd8 13. g3 Bf6 14. Bf4 Qa5 15. Bf1 ({But not} 15. dxc5 e5 $15) 15... cxd4 16. cxd4 b6 17. Bc7 Rdc8 18. Bd6 Be7 $1 {[%cal Re7d6]} 19. Bxe7 Nxe7 20. Ne5 Be8 21. Nc4 Qa4 $1 22. Nd6 Rd8 23. e5 Nc8 24. Nxe8 Qxe8 25. Bb5 {[%cal Bf1b5,Bb5c6,Bc6e4][%mdl 32]} Qf8 $1 26. Bc6 Rb8 27. Qa4 Ne7 28. Be4 a5 29. Rb5 Qe8 30. Qb3 Rxd4 31. Rxb6 Rxb6 32. Qxb6 Qd8 33. Qc5 g6 34. Bf3 Rd2 35. Re4 {[#]} (35. Re2 $11 Nf5 36. Rxd2 Qxd2 37. a3) 35... Nf5 $1 $17 ({Of course not} 35... Rxa2 $6 36. Rd4 $11) 36. Ra4 $2 {[%mdl 8192]} (36. Re2 $17) 36... Qd3 $19 37. Ra3 Qb1+ 38. Kg2 Qe1 39. Rxa5 Kg7 (39... Ne3+ $142 40. Kh3 Qf1+ 41. Kh4 Nf5+ 42. Kg5 Kg7) 40. Ra8 Ne3+ {Black mates.} 41. Kh3 Qf1+ 42. Kh4 {[#]} Rd4+ $1 {[%mdl 512] Precision: White = 31%, Black = 82%.} 0-1

[Event "2018 Spring Chess Classic A"]
[Site "Saint Louis"]
[Date "2018.03.09"]
[Round "4"]
[White "Swiercz, Dariusz"]
[Black "Ipatov, Alexander"]
[Result "1/2-1/2"]
[WhiteElo "2654"]
[BlackElo "2665"]
[Annotator "TA"]
[PlyCount "62"]
[EventDate "2018.??.??"]
[EventType "tourn"]
[EventCountry "USA"]
[SourceTitle "playchess.com"]
[Source "ChessBase"]
[SourceQuality "1"]

{[%evp 31,62,0,4,7,9,0,0,0,0,0,0,0,0,0,0,0,0,0,0,0,0,0,0,0,0,0,0,0,0,0,0,0,0]} 1. d4 Nf6 2. c4 e6 3. Nf3 d5 4. g3 Bb4+ 5. Bd2 Be7 6. Bg2 O-O 7. O-O c6 8. Qc2 b6 9. Rd1 Bb7 10. Bf4 Nbd7 11. Nc3 dxc4 12. Ne5 {E08: Closed Catalan: Main Line: 7 Qc2} Nd5 13. Nxc4 Nxf4 14. gxf4 Qc7 15. e3 Rad8 16. Rac1 c5 {LiveBook: 34 Games. The position is equal.} 17. d5 exd5 $1 18. Nxd5 Bxd5 19. Rxd5 b5 {[#]} 20. Ne5 $146 Nxe5 21. Rxe5 Bd6 22. Rd5 Be7 23. a4 (23. Rcd1 {keeps more tension.} Rxd5 24. Rxd5 a6 25. a4 g6 26. b4) 23... a6 24. Rcd1 (24. axb5 {is interesting.} Rxd5 25. Bxd5 axb5 26. b3 g6 27. Bf3) 24... g6 25. axb5 axb5 26. b3 Rxd5 27. Rxd5 Rd8 28. Rxd8+ Qxd8 29. Bf1 Qd7 30. Qd3 Qxd3 31. Bxd3 b4 1/2-1/2

[Event "2018 Spring Chess Classic A"]
[Site "Saint Louis"]
[Date "2018.03.09"]
[Round "4"]
[White "Akobian, Varuzhan"]
[Black "Onischuk, Alexander"]
[Result "1/2-1/2"]
[WhiteElo "2640"]
[BlackElo "2681"]
[Annotator "TA"]
[PlyCount "92"]
[EventDate "2018.??.??"]
[EventType "tourn"]
[EventCountry "USA"]
[SourceTitle "playchess.com"]
[Source "ChessBase"]
[SourceQuality "1"]

{[%evp 22,92,0,0,0,6,0,6,7,0,16,21,15,19,20,24,25,14,16,13,25,10,33,22,23,13,30,0,0,0,0,0,14,0,0,0,2,0,0,0,0,-9,-3,-8,-8,-3,-3,-3,-3,-8,-3,-3,0,-8,-3,-9,-3,-9,-3,-3,-3,-3,-3,-3,-3,-3,0,0,0,0,0,0,0]} 1. d4 Nf6 2. c4 e6 3. Nf3 b6 4. a3 Ba6 5. Qc2 c5 6. d5 exd5 7. cxd5 g6 8. Nc3 Bg7 9. e4 Bxf1 10. Kxf1 d6 {E12: Queen's Indian: Unusual White 4th moves, 4 a3, 4 Nc3 Bb7 5 a3 and 4 Nc3 Bb7} 11. Qa4+ Qd7 12. Qxd7+ {LiveBook: 3 Games} Nbxd7 13. Bf4 Ke7 14. h3 a6 {[#]} 15. a4 $146 ({Find the theoretical novelty and annotate with similar games:} 15. g4) 15... Ne8 16. Nd2 Ne5 17. Ke2 f5 18. exf5 gxf5 19. Bxe5 Bxe5 20. Nc4 Rb8 21. Rhe1 Bxc3 22. bxc3 Nc7 23. Kf3+ Kd7 24. Re2 b5 {The position is equal.} ({Much weaker is} 24... Nxd5 $6 25. Rd1 $16) 25. axb5 axb5 26. Ne3 Ra8 27. Rea2 Rxa2 28. Rxa2 $11 {[%mdl 4096] Endgame KRN-KRN} Re8 29. g4 fxg4+ 30. hxg4 Re5 31. Rd2 h5 32. gxh5 Rxh5 33. Rd1 Ke7 34. Kg4 Re5 35. Kf4 Kf7 36. Kf3 Rg5 37. Kf4 Kg6 38. Kf3 Rh5 39. Ke4 Ne8 40. Rb1 Nf6+ 41. Kf3 Nxd5 42. Nxd5 Rxd5 43. Rxb5 Rd3+ 44. Ke2 c4 {aiming for ...Kf6.} 45. Rb2 Kf5 46. Rd2 Rxc3 {Precision: White = 71%, Black = 70%.} 1/2-1/2